header

Our lives as Torah (Record no. 4714)

MARC details
000 -LEADER
fixed length control field 01459nam a22003254a 4500
082 04 - DEWEY DECIMAL CLASSIFICATION NUMBER
Classification number 296.7
100 1# - MAIN ENTRY--AUTHOR NAME
Personal name Ochs, Carol.
245 10 - TITLE STATEMENT
Title Our lives as Torah
260 ## - PUBLICATION, DISTRIBUTION, ETC. (IMPRINT)
Place of publication San Francisco :
Name of publisher Jossey-Bass,
Year of publication c2001.
300 ## - PHYSICAL DESCRIPTION
Number of Pages xiv, 224 p.
505 0# - FORMATTED CONTENTS NOTE
Formatted contents note Searching for meaning -- Forming our story -- Committing to love -- Enduring suffering -- Undertaking our work -- Claiming our body -- Engaging in prayer -- Living in community -- Confronting death -- Encountering God.
650 #0 - SUBJECT ADDED ENTRY--TOPICAL TERM
Topical Term Spiritual life
Topical Term Jewish way of life.
Topical Term Jewish way of life
856 40 - ELECTRONIC LOCATION AND ACCESS
Uniform Resource Identifier http://site.ebrary.com/lib/rucke/Doc?id=10001704

No items available.

© 2026 Rongo University
Contact us: librarian | system librarian | Rongo university